000 00251nam a22001097a 4500
082 _a576 TUR'S
100 _aTURK, D.C,PORTER, I.A
_957230
245 _aA SHORT TEXTBOOK OF MICROBIOLOGY
260 _aLONDON
_bEUP
_c1965
300 _a292P
942 _cBK
999 _c567522
_d567522